| 000 | 00687nam a2200229 u 4500 | ||
|---|---|---|---|
| 005 | 20230310063617.0 | ||
| 008 | 101110s2006 mx r 000 0 spa d | ||
| 020 | _a0307376613 | ||
| 035 | _aUPN01000178456 | ||
| 049 | _aCG | ||
| 050 | 4 |
_aPR6112 E9.2 _bS6.5 |
|
| 100 | 1 |
_aLevack, Simon, _d1965- _931751 |
|
| 245 | 1 | 3 |
_aLa sombra de los dioses / _cSimon Levack ; tr. Alberto Coscarelli. |
| 260 |
_aMéxico : _bRandom House Mondadori, _c2006. |
||
| 300 | _a414 p. | ||
| 440 | 0 | _aBiblioteca Simon Levack | |
| 440 | 0 |
_aDebolsillo ; _v641 |
|
| 534 |
_pTítulo original : _tShadow of the lords |
||
| 650 | 4 |
_aNovela inglesa _94471 |
|
| 650 | 4 |
_aAZTECAS - _vNOVELA _95428 |
|
| 905 | _aLibro | ||
| 999 |
_c150559 _d150559 |
||